[Event "AUTO-ADV-2491"]
[Site "http://www.queenalice.com/game.php?id=1055093"]
[Date "2012.5.2"]
[Round "1"]
[White "adriano76"]
[Black "Rubens2009"]
[Result "0-1"]
[WhiteElo "1437"]
[BlackElo "1829"]

1. d4 d5 2. c3 Nc6 3. Nf3 e5 4. dxe5 Be7 5. g3 Bg4 6. Nd4 Nxd4 7. cxd4 Bb4+ 8.
Nc3 Bxc3+ 9. bxc3 Ne7 10. Qa4+ c6 11. h3 Bf5 12. Qb4 b6 13. Bg5 Qd7 14. e3 Be4
15. Qd6 Qxd6 16. exd6 Ng6 17. Rg1 O-O 18. f3 Bxf3 19. Kf2 Be4 20. Ba6 f6 21. Bf4
Rab8 22. Rab1 Nxf4 23. gxf4 b5 24. h4 Bxb1 25. Rxb1 Rb6 26. Bxb5 Rxb5 27. Rxb5
cxb5 28. a3 Rd8 29. Ke2 Rxd6 30. h5 Ra6 31. Kd3 Rxa3 32. f5 Ra1 33. e4 dxe4+ 34.
Kxe4 Rh1 35. d5 Rxh5 36. d6 Kf7 37. d7 Ke7 0-1

[Event "Challenge"]
[Site "http://www.queenalice.com/game.php?id=1087379"]
[Date "2012.7.27"]
[Round "-"]
[White "adriano76"]
[Black "eloy"]
[Result "0-1"]
[WhiteElo "1427"]
[BlackElo "1726"]

1. d4 d5 2. c3 Nf6 3. Qa4+ Nc6 4. Nf3 Bd7 5. Ne5 Nxe5 6. Qc2 Nc6 7. Qb3 e6 8.
Qxb7 Bd6 9. Qa6 O-O 10. Bg5 h6 11. Bh4 Ne7 12. Nd2 Ng4 13. g3 g5 14. f3 Ne3 15.
a3 Nc2+ 16. Kf2 Nxa1 17. Bh3 Nc2 18. Qd3 Ba4 19. b3 Bxb3 20. Nxb3 Nxa3 21. Bxg5
hxg5 22. Na5 f5 23. g4 c5 24. Ra1 Qxa5 25. gxf5 c4 26. Qe3 Bf4 27. Qxe6+ Rf7 28.
f6 Ng6 29. Bf5 Qxc3 30. Qxd5 Qe3+ 31. Kg2 Qxe2+ 32. Kh3 Qxh2+ 33. Kg4 Qh4# 0-1

[Event "Challenge"]
[Site "http://www.queenalice.com/game.php?id=1087380"]
[Date "2012.7.27"]
[Round "-"]
[White "adriano76"]
[Black "eloy"]
[Result "0-1"]
[WhiteElo "1436"]
[BlackElo "1719"]

1. d4 d5 2. b3 Nc6 3. Nf3 Nf6 4. Ne5 Bf5 5. Na3 Nb4 6. Bd2 e6 7. Nb1 Nxc2+ 8.
Qxc2 Bxc2 9. Nc3 Bb4 10. Rc1 Bxc3 11. Rxc2 Bxd4 12. Bg5 Bxe5 13. Bxf6 Bxf6 14.
e3 d4 15. exd4 Qxd4 16. Rxc7 Qe5+ 17. Be2 Qxc7 18. Bb5+ Ke7 19. O-O Rhc8 20. Rd1
a6 21. Rd7+ Qxd7 22. Bxd7 Rc1# 0-1

[Event "AUTO-INT-2395"]
[Site "http://www.queenalice.com/game.php?id=1088613"]
[Date "2012.7.30"]
[Round "1"]
[White "ulisses67"]
[Black "adriano76"]
[Result "1-0"]
[WhiteElo "1356"]
[BlackElo "1431"]

1. e4 e5 2. d4 exd4 3. Qxd4 Nc6 4. Qe3 Ne5 5. Nf3 Nc4 6. Qc3 Na5 7. a4 c6 8. b4
b6 9. bxa5 bxa5 10. Bb2 Bb4 11. Qxb4 axb4 12. Bc4 Nh6 13. Bxg7 Qe7 14. Bxh8
Qxe4+ 15. Be2 Qxc2 16. O-O Qxe2 17. Re1 Qxe1+ 18. Nxe1 a5 19. Nd2 d5 20. Nef3 c5
21. Re1+ Be6 22. Ng5 Ke7 23. Bg7 Nf5 24. Nxe6 Ra6 25. Nxc5+ Re6 26. Nxe6 fxe6
27. Bh8 Nd4 28. Bxd4 Kf7 29. Nf3 b3 30. Ng5+ Kg6 31. Nxe6 b2 32. Bxb2 1-0

[Event "AUTO-INT-2395"]
[Site "http://www.queenalice.com/game.php?id=1088614"]
[Date "2012.7.30"]
[Round "1"]
[White "adriano76"]
[Black "ulisses67"]
[Result "0-1"]
[WhiteElo "1423"]
[BlackElo "1396"]

1. d3 h5 2. g3 d5 3. Nf3 Nc6 4. Nc3 d4 5. Nb5 a6 6. Na3 e5 7. Bg5 Be7 8. Bxe7
Ngxe7 9. e4 Bg4 10. Be2 f5 11. Ng5 Qd7 12. Qd2 fxe4 13. dxe4 O-O-O 14. h3 Bxe2
15. Qxe2 Nb4 16. Nf7 d3 17. cxd3 Nxd3+ 18. Kf1 Rhf8 19. Qf3 Qd4 20. Qe3 Qxb2 21.
Nb1 Rxf7 22. Kg2 Rxf2+ 23. Kg1 Rg2+ 24. Kf1 Rf8+ 0-1

[Event "AUTO-INT-2395"]
[Site "http://www.queenalice.com/game.php?id=1088625"]
[Date "2012.7.30"]
[Round "1"]
[White "jhwickboldt"]
[Black "adriano76"]
[Result "1-0"]
[WhiteElo "1713"]
[BlackElo "1441"]

1. e4 e6 2. c4 Nf6 3. d3 Nc6 4. Nf3 Bb4+ 5. Bd2 h5 6. a3 Bc5 7. Be2 Nd4 8. Nxd4
Bxd4 9. Bc3 e5 10. Bxd4 exd4 11. O-O O-O 12. Bxh5 c5 13. Nd2 d6 14. h3 g6 15.
Be2 Nh5 16. Bxh5 gxh5 17. Qxh5 Qa5 18. Nf3 Qd8 19. Ng5 f6 20. Qh7# 1-0

[Event "AUTO-INT-2395"]
[Site "http://www.queenalice.com/game.php?id=1088626"]
[Date "2012.7.30"]
[Round "1"]
[White "adriano76"]
[Black "jhwickboldt"]
[Result "0-1"]
[WhiteElo "1420"]
[BlackElo "1728"]

1. b3 e5 2. e4 c5 3. Nf3 d6 4. Nc3 Nf6 5. Bb5+ Bd7 6. Bxd7+ Qxd7 7. Nd5 Nxe4 8.
Qe2 Qf5 9. Nc7+ Kd8 10. Nxa8 Nc6 11. Qb5 Qc8 12. Qa4 Nf6 13. O-O Qxa8 14. Ng5
Ke7 15. d3 h6 16. Nf3 Nd5 17. Qh4+ Ke8 18. Qc4 Nf6 19. a4 Qc8 20. a5 a6 21. h3
Be7 22. Bb2 Nh5 23. Rfe1 Bd8 24. g4 Nf4 25. Rab1 Bxa5 26. Ra1 Bxe1 27. Rxe1
Nxh3+ 28. Kh2 Nf4 29. Rg1 g5 30. b4 Nxb4 31. c3 Nbxd3 32. Bc1 Nxc1 33. Rxc1 Qxg4
34. Re1 Qg2# 0-1

[Event "AUTO-INT-2395"]
[Site "http://www.queenalice.com/game.php?id=1088633"]
[Date "2012.7.30"]
[Round "1"]
[White "adriano76"]
[Black "DaviBoeing"]
[Result "0-1"]
[WhiteElo "1431"]
[BlackElo "1547"]

1. g3 e5 2. Nf3 Qf6 3. d4 e4 4. Ne5 d6 5. Nc4 d5 6. Ne3 h5 7. Nxd5 Qc6 8. Nbc3
Bb4 9. Nxb4 Qb6 10. a3 Bf5 11. Nbd5 Qc6 12. h3 b5 13. Bf4 Na6 14. e3 Rb8 15. a4
b4 16. Bxa6 bxc3 17. Nxc3 Qxa6 18. Bxc7 Rxb2 19. Nd5 Qc6 20. Rb1 Rxb1 21. Qxb1
Qxd5 22. c4 Qa8 23. Qb8+ Qxb8 24. Bxb8 a6 25. c5 Ne7 26. Bd6 Nc8 27. g4 hxg4 28.
hxg4 Rxh1+ 29. Kd2 Bxg4 30. c6 Nxd6 31. c7 Ra1 32. d5 Rxa4 33. Kc3 a5 34. Kb3
Rb4+ 35. Kc3 Nb5+ 36. Kc2 Nxc7 0-1

[Event "AUTO-INT-2395"]
[Site "http://www.queenalice.com/game.php?id=1088634"]
[Date "2012.7.30"]
[Round "1"]
[White "DaviBoeing"]
[Black "adriano76"]
[Result "1-0"]
[WhiteElo "1536"]
[BlackElo "1454"]

1. e4 g6 2. Qf3 e6 3. Nc3 Nc6 4. Nge2 Ne5 5. Qg3 d6 6. d4 Nc4 7. Nf4 Nb6 8. d5
exd5 9. Nfxd5 c6 10. Nxb6 Qxb6 11. e5 dxe5 12. Qxe5+ Kd7 13. Qxh8 Bg7 14. Qxg7
1-0

[Event "Challenge"]
[Site "http://www.queenalice.com/game.php?id=1090486"]
[Date "2012.8.5"]
[Round "-"]
[White "Rogerio11"]
[Black "adriano76"]
[Result "0-1"]
[WhiteElo "1288"]
[BlackElo "1416"]

1. e4 Nf6 2. Nc3 b6 3. Nf3 a6 4. Nd5 Nxe4 5. d3 c6 6. Nc3 Nc5 7. Ne5 d6 8. Nc4
d5 9. Ne5 Qd6 10. d4 Ncd7 11. Ng4 Qe6+ 12. Be2 h5 13. Ne3 g6 14. b4 a5 15. a3
Bh6 16. O-O axb4 17. Nb1 bxa3 18. Nxa3 O-O 19. c3 Ra4 20. Qxa4 Qe4 21. f3 Bxe3+
22. Bxe3 Qxe3+ 23. Rf2 Qxc3 24. Rff1 b5 25. Rac1 Qe3+ 26. Rf2 bxa4 27. Nc2 Qxc1+
28. Rf1 Qxc2 29. g4 Qxe2 30. Rf2 Qe3 31. h3 Qxd4 0-1

[Event "Challenge"]
[Site "http://www.queenalice.com/game.php?id=1098953"]
[Date "2012.9.2"]
[Round "-"]
[White "HerbertPaulo"]
[Black "adriano76"]
[Result "0-1"]
[WhiteElo "1624"]
[BlackElo "1406"]

1. g3 d5 2. Bg2 c6 3. Nf3 Nf6 4. O-O g6 5. d4 Ne4 6. c4 dxc4 7. Ne5 c5 8. Bxe4
cxd4 9. Nxc4 Bg4 10. Bxb7 Qc7 11. Bxa8 Qxc4 12. Bf3 h5 13. Bf4 Qb4 14. Qc2 Na6
15. Qc6+ Kd8 16. Qxa6 Qxb2 17. Nd2 e5 0-1

[Event "Challenge"]
[Site "http://www.queenalice.com/game.php?id=1107592"]
[Date "2012.9.29"]
[Round "-"]
[White "adriano76"]
[Black "eloy"]
[Result "0-1"]
[WhiteElo "1371"]
[BlackElo "1715"]

1. d3 e5 2. Nf3 Nc6 3. g3 Nf6 4. b3 Bc5 5. Ba3 Bxa3 6. Nxa3 d5 7. Qd2 d4 8. Nc4
Be6 9. Nfxe5 Bxc4 10. Nxc4 O-O 11. Bg2 b6 12. Bxc6 Rb8 13. e4 dxe3 14. fxe3 b5
15. Nb2 Rb6 16. Bf3 Qd7 17. c4 bxc4 18. bxc4 c5 19. Na4 Qxa4 20. Qd1 Qxd1+ 21.
Kxd1 Rd6 22. Kc2 Nd7 23. Rab1 Ra6 24. Rb2 Ra3 25. Ra1 Ne5 26. Be4 Ng4 27. Rb5
Nxe3+ 28. Kb2 Ra6 29. Rxc5 Rb8+ 30. Bb7 Rxb7+ 31. Rb5 Rxb5+ 32. cxb5 Rb6 33. a4
Nd5 34. Re1 Kf8 35. Re5 Nc7 0-1

[Event "Challenge"]
[Site "http://www.queenalice.com/game.php?id=1107593"]
[Date "2012.9.29"]
[Round "-"]
[White "adriano76"]
[Black "eloy"]
[Result "0-1"]
[WhiteElo "1373"]
[BlackElo "1713"]

1. d3 e5 2. e4 d5 3. f3 d4 4. c3 Nc6 5. Na3 Bxa3 6. bxa3 Nf6 7. Rb1 O-O 8. Rb5
a6 9. Rb3 Be6 10. Rb2 dxc3 11. Rc2 Qd4 12. g3 Rad8 13. Ne2 Qa4 14. Rxc3 Bxa2 15.
Qxa4 Ra8 16. Qc2 Be6 17. Qb2 Nd4 18. Qxb7 Nxf3+ 19. Kf2 Ng5 20. Qxc7 a5 21. Qxe5
h6 22. h3 Nd7 23. Qb5 f5 24. Nf4 Rfb8 25. Qc6 Rf8 26. Nxe6 Nxe6 27. Qxd7 fxe4+
28. Bf4 Nxf4 29. gxf4 Rxf4+ 30. Kg2 e3 31. Qd5+ Kh7 32. Qxa8 Rf2+ 33. Kg1 Rd2
34. Qxa5 Rd1 35. Qf5+ g6 0-1

[Event "AUTO-INT-2470"]
[Site "http://www.queenalice.com/game.php?id=1116166"]
[Date "2012.10.26"]
[Round "1"]
[White "spin27"]
[Black "adriano76"]
[Result "1-0"]
[WhiteElo "1684"]
[BlackElo "1407"]

1. e4 Nf6 2. e5 Ng8 3. d4 d5 4. exd6 cxd6 5. Bc4 Qc7 6. Nd2 g6 7. Qf3 Be6 8.
Bxe6 fxe6 9. c3 Bh6 10. b4 d5 11. Nb3 Nf6 12. Bxh6 Ne4 13. Bf4 Qxc3+ 14. Qxc3
Nxc3 15. Bxb8 Rxb8 16. Ne2 Rc8 17. Nc5 b6 18. Nxc3 bxc5 19. dxc5 1-0

[Event "AUTO-INT-2470"]
[Site "http://www.queenalice.com/game.php?id=1116167"]
[Date "2012.10.26"]
[Round "1"]
[White "adriano76"]
[Black "spin27"]
[Result "0-1"]
[WhiteElo "1412"]
[BlackElo "1679"]

1. b3 d5 2. Nf3 Bg4 3. Ne5 Nf6 4. h3 Be6 5. d3 Qd6 6. Bb2 d4 7. Nf3 Nc6 8. Na3
Qb4+ 9. Nd2 O-O-O 10. Nb1 g6 11. Ba3 Qa5 12. Qc1 Bh6 13. Kd1 Bxd2 14. Nxd2 h5
15. g3 g5 16. Bxe7 Nxe7 0-1

[Event "AUTO-INT-2470"]
[Site "http://www.queenalice.com/game.php?id=1116184"]
[Date "2012.10.26"]
[Round "1"]
[White "adriano76"]
[Black "gremioimortal"]
[Result "0-1"]
[WhiteElo "1400"]
[BlackElo "1457"]

1. b3 Nc6 2. Nc3 d5 3. e3 a6 4. Nf3 f6 5. g3 Bg4 6. Be2 Bf5 7. d3 h6 8. Nh4 Bh7
9. Bh5+ g6 10. Bxg6+ Bxg6 11. Nxg6 Bg7 12. Ba3 d4 0-1

[Event "AUTO-INT-2470"]
[Site "http://www.queenalice.com/game.php?id=1116185"]
[Date "2012.10.26"]
[Round "1"]
[White "gremioimortal"]
[Black "adriano76"]
[Result "1-0"]
[WhiteElo "1471"]
[BlackElo "1386"]

1. e4 Nf6 2. Nc3 e6 3. Qf3 b6 4. e5 Nh5 5. Qxh5 g6 6. Qf3 c6 7. a3 Bg7 8. d4 d5
9. h3 O-O 10. h4 h5 11. g4 a6 12. gxh5 gxh5 13. Qg3 1-0